Matrix perturbation theory (Record no. 754916)

MARC details
000 -LEADER
fixed length control field 00445nam a22001697a 4500
020 ## - INTERNATIONAL STANDARD BOOK NUMBER
ISBN 9780126702309
100 ## - MAIN ENTRY--AUTHOR NAME
Personal name Stewart, G W
245 ## - TITLE STATEMENT
Title Matrix perturbation theory
260 ## - PUBLICATION, DISTRIBUTION, ETC. (IMPRINT)
Place of publication London
Name of publisher Academic press
Year of publication 2004
300 ## - PHYSICAL DESCRIPTION
Number of Pages xv+365
490 ## - SERIES STATEMENT
Series statement Computer science and scientific computing
650 ## - SUBJECT ADDED ENTRY--TOPICAL TERM
Topical Term Matrices
650 ## - SUBJECT ADDED ENTRY--TOPICAL TERM
Topical Term Eigenvalues
700 ## - ADDED ENTRY--PERSONAL NAME
Personal name Sun, Ji-guang
942 ## - ADDED ENTRY ELEMENTS (KOHA)
Source of classification or shelving scheme Dewey Decimal Classification
Koha item type Book
Holdings
Withdrawn status Lost status Source of classification or shelving scheme Damaged status Not for loan Collection code Home Library Current Location Shelving location Date acquired Source of acquisition Cost, normal purchase price Full call number Accession Number Price effective from Koha item type
    Dewey Decimal Classification     Gift or donation Dept. of Mathematics Dept. of Mathematics General Stacks 08/01/2026 Donated by Dr. Krishna Kumar G on the completion of SERB sponsored project (UO. No: Ad.F1/1373/2021 dated 22/01/2024) 13696.00 512.943 STE-M MATG226 09/01/2026 Book